1434 1081 1026 1446 1237 1416 1566 1999 1334 1293 1522 1516 1249 1499 1735 1902 1845 1080 1733 1035 1762 1843 1541 1746 1098 1316 1297 1661 1175 1515 1224 1078 1400 1940 1685 1103 1428 1776 1787 1843 1560 1506 1993 1404 1327 1076 1336 1620 1314 1869 1534 1446 1919 1931 1743 1591 1933 1160 1265 1091 1484 1144 1324 1555 1323 1637 1396 1819 1305 1020 1522 1351 1710 1379 1076 1567 1640 1380 1475 1602 1360 1655 1322 1071 1222 1675 1704 1199 1539 1387 1050 1176 1666 1654 1492 1939 1494 1608 1067 BCNSPRNW ULIB Ver.6.0+V

เปลี่ยนเป็นภาษาไทย

Change to English
 แสดงรายละเอียดบรรณานุกรม
  กลับหน้าหลัก

Brief Record : Get Marc (ISO 2709) : E-mail record : QR code < ปิดหน้าต่าง
LEADER : 00000nam 2200000uu 4500
001    13399114854
003     ULIB
008    120611s2549||||th 000 0 tha d
020    ^a9749755979
060  4 ^aWA525^bม246ร ล.1 2549
110 1  ^aมหาวิทยาลัยสุโขทัยธรรมาธิราช^bสาขาวิชาวิทยาศาสตร์สุขภาพ
245 00 ^aเอกสารการสอนชุดวิชา ระบบสาธารณสุขและการวางแผนกลยุทธ์ในการพัฒนางานสาธารณสุข หน่วยที่1-7=^bPublic health system and strategic planning for health development /^cสาขาวิชาวิทยาศาสตร์สุขภาพ มหาวิทยาลัยสุโขทัยธรรมาธิราช
246 0  ^aPublic health system and strategic planning for health development
250    ^aพิมพ์ครั้งที่ 3
260    ^aนนทบุรี:^bศูนย์หนังสือมหาวิทยาลัยสุโขทัยธรรมาธิราช,^c2549
300    ^a373 หน้า
650  7 ^aสาธารณสุข
650  7 ^aสาธารณสุข^xการวางแผน
945    ^p0^l0^i14718
995    ^a กัณชพร
999    ^aใช้งานได้ทุกระบบ
รายการนี้ยังไม่มีแท็ก
คุณยังไม่ได้ล็อกอิน คุณสามารถมีกิจกรรมร่วมกับเว็บไซต์ได้ แต่ต้องล็อกอินก่อน ::
  ล็อกอิน

รายการสื่อสารสนเทศ

ลำดับที่ ประเภท เลขเรียก/บาร์โค้ด สถานที่ สถานะ
- ไม่พบข้อมูล -

รายการใกล้เคียง
    หัวเรื่อง [สาธารณสุข]

BibComment


ยังไม่เคยถูกคอมเมนท์

คอมเมนท์ทรัพยากรรายการนี้
  คอมเมนท์: เอกสารการสอนชุดว..


 Copyright 2026. Bcnsprnw @Library